000 00715nam a2200289Ia 4500
005 20260324115146.0
008 008 260324s9999 xx 000 0 eng d
020 _a9780429442346
037 _aEBOOK
040 _aCRL
040 _beng
040 _cCRL
041 _2eng
041 _aeng
084 _qCRL
100 _aLonnie Wilson
_91153587
245 0 _aSustaining Workforce Engagement
245 0 _bHow to Ensure Your Employees Are Healthy, Happy, and Productive
260 _bTaylor and Francis
260 _c2019
365 _a
365 _b70.99
856 _uhttp://www.taylorfrancis.com/books/9780429442346
942 _cEBOOK
999 _c1744267
_d1744267